000
00323nam a2200109Ia 4500
008
171204s9999 xx 000 0 und d
245
_a
How Games Move Us: Emotion by Design:
245
_c
Katherine Isbister
260
_c
2016
650
_x
GAME DESIGN AND PRODUCTION
856
_u
http://down.ebook777.com/030/0262034263.pdf
999
_c
346323
_d
346323